Online
Catalog

Religiosidad popular y psiquiatría / (Record no. 51739)

MARC details
000 -CABECERA
campo de control de longitud fija 01783nam a2200325 i 4500
003 - IDENTIFICADOR DEL NÚMERO DE CONTROL
campo de control DO-SdBNP
005 - FECHA Y HORA DE LA ÚLTIMA TRANSACCIÓN
campo de control 20240515154533.0
007 - CAMPO FIJO DE DESCRIPCIÓN FÍSICA--INFORMACIÓN GENERAL
campo de control de longitud fija ta
008 - DATOS DE LONGITUD FIJA--INFORMACIÓN GENERAL
campo de control de longitud fija 220517e2019 dr ao||er|||| 00| 0 spa d
040 ## - FUENTE DE LA CATALOGACIÓN
Centro catalogador/agencia de origen DO-SdBNP
Lengua de catalogación spa
Centro/agencia transcriptor BNPHU
Normas de descripción rda
082 #4 - NÚMERO DE LA CLASIFICACIÓN DECIMAL DEWEY
Número de edición 22
Número de documento/Ítem T266r 2019
100 1# - ENTRADA PRINCIPAL--NOMBRE DE PERSONA
Nombre de persona Tejada Ortiz, Dagoberto,
Fechas asociadas al nombre 1940-
9 (RLIN) 33526
Término indicativo de función/relación autor
245 10 - MENCIÓN DE TÍTULO
Título Religiosidad popular y psiquiatría /
Mención de responsabilidad, etc. Dagoberto Tejada Ortíz, Fernando Sánchez Martínez, César Mella Mejías.
250 ## - MENCIÓN DE EDICIÓN
Mención de edición 3a. edición.
264 ## - PRODUCCIÓN, PUBLICACIÓN, DISTRIBUCIÓN, FABRICACIÓN Y COPYRIGHT
Producción, publicación, distribución, fabricación y copyright Santo Domingo :
Nombre del de productor, editor, distribuidor, fabricante Universitaria- UASD,
Fecha de producción, publicación, distribución, fabricación o copyright 2019
300 ## - DESCRIPCIÓN FÍSICA
Extensión 111 páginas :
Otras características físicas ilustraciones, fotografías ;
Dimensiones 20 cm.
336 ## - TIPO DE CONTENIDO
Fuente rdacontent
Término de tipo de contenido texto
Código de tipo de contenido txt
337 ## - TIPO DE MEDIO
Fuente rdamedia
Nombre/término del tipo de medio sin mediación
Código del tipo de medio n
338 ## - TIPO DE SOPORTE
Fuente rdacarrier
Nombre/término del tipo de soporte volumen
Código del tipo de soporte nc
500 ## - NOTA GENERAL
Nota general Incluye datos biografícos de los autores en la página 5
504 ## - NOTA DE BIBLIOGRAFÍA, ETC.
Nota de bibliografía, etc. Bibliografía: páginas 79- 84, 109- 110.
505 0# - NOTA DE CONTENIDO CON FORMATO
Nota de contenido con formato Prólogo a la tercera edición..-- Prólogo de la primera edición.
Título I.- Fe, Ciencia y Psiquiatría.--
-- II.- Formación social dominicana y religisidad popular.--
-- III.- La Filosofía africana y la religiosidad popular dominicana.--
-- IV.- La religiosidad popular y el vudú dominicano.--
-- V.- Vudú, Medcina popular y psiquiatría.--
-- VI.- Religiosidad popular, psiquiatría y sociedad.--
-- Bibliografía consultada.--
-- El culto a San Juan Bautista. Vudú y cimarronaje en República Dominicana.--
-- Bibliografía consultada.
590 ## - NOTA LOCAL (RLIN)
Nota local Inventariado 2024 / MF
650 #4 - PUNTO DE ACCESO ADICIONAL DE MATERIA--TÉRMINO DE MATERIA
9 (RLIN) 10916
Término de materia o nombre geográfico como elemento de entrada Vudú
Subdivisión geográfica República Dominicana
Subdivisión general Psiquiatría Social
650 #4 - PUNTO DE ACCESO ADICIONAL DE MATERIA--TÉRMINO DE MATERIA
9 (RLIN) 79474
Término de materia o nombre geográfico como elemento de entrada Curación (Religión, Folclor, etc.)
650 #4 - PUNTO DE ACCESO ADICIONAL DE MATERIA--TÉRMINO DE MATERIA
9 (RLIN) 79018
Término de materia o nombre geográfico como elemento de entrada Religiosidad popular
Subdivisión de forma Vodú
Subdivisión geográfica República Dominicana
700 1# - PUNTO DE ACCESO ADICIONAL--NOMBRE DE PERSONA
9 (RLIN) 7183
Nombre de persona Sánchez, Martínez, Fernando
Término indicativo de función/relación autor
700 1# - PUNTO DE ACCESO ADICIONAL--NOMBRE DE PERSONA
Nombre de persona Mella Mejías, César
Fechas asociadas al nombre 1950-
9 (RLIN) 210
Término indicativo de función/relación autor
942 ## - ELEMENTOS DE PUNTO DE ACCESO ADICIONAL (KOHA)
Fuente del sistema de clasificación o colocación Dewey Decimal Classification
Tipo de ítem Koha Libro
Holdings
Estado de retiro Estado de pérdida Fuente del sistema de clasificación o colocación Restricciones de uso No para préstamo Código de colección Localización permanente Ubicación/localización actual Ubicación en estantería Fecha de adquisición Fuente de adquisición Total de préstamos Signatura topográfica completa Código de barras Fecha visto por última vez Precio válido a partir de Tipo de ítem Koha
    Dewey Decimal Classification Excluido de préstamo   Patrimonio Dominicano Biblioteca Nacional Pedro Henríquez Ureña Biblioteca Nacional Pedro Henríquez Ureña Depósito 12.02.2022 Depósito legal   T266r 2022-2145 17.05.2022 17.05.2022 Libro

Powered by Koha